Score 0/10 Timer 05:00
0 Plays Today
Hint Answer % Correct
Main character.Winnie the Pooh
100%
Bouncy, he ruins someones garden.Tigger
97.4%
Pink and says, 'Oh d-d-dear.' A lot.Piglet
97.4%
A mother kangaroo.Kanga
97.4%
The son of the mother kangaroo.Roo
97.4%
A [his name.] Who has a garden.Rabbit
94.9%
Very wise.Owl
94.9%
Only human character. Christopher Robin
92.3%
Depressed, his house always breaks.Eeyore
92.3%
Wasn't in the, 'Book.'Gopher
59%
Remove Ads.
Support Sporcle.
Get the best of Sporcle when you Go Orange. This ad-free experience offers more features, more stats, and more fun while also helping to support Sporcle. Thank you for becoming a member.

You're not logged in!

Compare scores with friends on all Sporcle quizzes.
OR
Log In

Show Comments

Extras

Created Jan 18, 2015ReportNominate
Tags:Character, pooh

Top Quizzes Today


Score Distribution

Your Account Isn't Verified!

In order to create a playlist on Sporcle, you need to verify the email address you used during registration. Go to your Sporcle Settings to finish the process.

Report this User

Report this user for behavior that violates our Community Guidelines.

Details: